000 00940nam a2200229Ia 4500
001 414
003 GE_BSU
008 181216s||||||||xx |||||||||||||| ||und||
020 _a9789941408328
040 _cGE_BSU
080 _a94(=353.1)(560)+008(=353.1)(560)
100 _aნიკოლეიშვილი, ავთანდილ
245 _aქართული კულტურის კერა და ქართველები თურქეთში
245 _cრედ. ფუტკარაძე ტარიელ
260 _aქუთაისი
260 _bაკ.წერეთლის სახ.უნივერსიტრტის გამომცემლობა
260 _c2009
300 _a222 გვ.
541 _h8 ლ.
653 _aქართული კულტურის კერა და ქართველები თურქეთში
942 _cBK
999 _c34644
_d34644